Javier Bardem Movies - Sudden Death - Statistics

General Stats
  • This quiz has been taken 279 times
  • The average score is 4 of 15
Answers on the Grid
Answers color-coded by a green-red scale on the quiz's grid according to % correct below.
No Country for Old Men
Sicario
Black Swan
21 Grams
Traffic
Skyfall
Loving Pablo
Eastern Promises
Children of Men
Gosford Park
Dune
Philadelphia
Munich
Collateral
The Usual Suspects
Prometheus
Evita
The Sea Inside
From Dusk Till Dawn
Being the Ricardos
Con Air
Biutiful
Machete
Her
F1
Eat Pray Love
Under Siege
The Last of the Mohicans
Vicky Cristina Barcelona
Joker
Gladiator
The Gunman
Napoleon
Desperado
Mondays in the Sun
The Counselor
Walk the Line
The Mask of Zorro
Gangs of New York
The Last Face
 
Answer Stats
Answer % Correct
No Country for Old Men
75%
Skyfall
50%
Vicky Cristina Barcelona
48%
F1
44%
Dune
42%
Biutiful
34%
Eat Pray Love
28%
Being the Ricardos
27%
Loving Pablo
25%
The Sea Inside
18%
The Counselor
15%
Collateral
10%
Mondays in the Sun
10%
The Gunman
7%
The Last Face
7%
No matching quizzes found
Score Distribution
Percent of People with Each Score
Percentile by Number Answered
Your Score History
You have not taken this quiz